| 000 | 01488cam a2200301 i 4500 | ||
|---|---|---|---|
| 999 |
_c200454014 _d72226 |
||
| 003 | TR-AnTOB | ||
| 005 | 20230906091814.0 | ||
| 007 | ta | ||
| 008 | 230523s2023 tu bo 000 0 tur d | ||
| 040 |
_aTVK _beng _erda _cTVK _dTR-AnTOB |
||
| 041 | 0 |
_atur _aeng _afre |
|
| 050 | 4 |
_aDS98.2 _b.Ç665 2023 |
|
| 090 |
_aDS98.2 _b.Ç665 2023 |
||
| 100 | 1 |
_aÇonkar, Ahmet Berat _eauthor _9143008 |
|
| 245 | 1 | 0 |
_aSuriye’deki durum: bir güncelleme : _bNATO Parlamenter Asamblesi : Akdeniz ve Orta Doğu Özel Grubu (gsm) = _bThe situation in Syria: an update : _bNato Parliamentary Assembly : Mediterranean and Middle East Special Group (gsm) = _bUnemise a jour sur la situation en Syrie : _bAssemblée parlementaire de l'Otan : Groupe spécial Méditerranée et Moyen Orient (gsm) / _cAhmet Berat Çonkar. |
| 246 | 2 | 1 |
_aThe situation in Syria: an update : _bNato Parliamentary Assembly : _bMediterranean and Middle East Special group (gsm). |
| 246 | 2 | 1 |
_aUnemise a jour sur la situation en Syrie : _bAssemblée parlementaire de l'Otan : _bGroupe spécial Méditerranée et Moyen Orient (gsm). |
| 264 | 1 |
_aAnkara : _bTBMM, _c2023. |
|
| 300 |
_axxi, 86 pages : _bmaps, photographs ; _c24 cm |
||
| 336 |
_atext _btxt _2rdacontent |
||
| 337 |
_aunmediated _bn _2rdamedia |
||
| 338 |
_avolume _bnc _2rdacarrier |
||
| 504 | _aBIB | ||
| 650 | 7 |
_aGüvenlik, Uluslararası _zSuriye _2etuturkob _97738 |
|
| 651 | 7 |
_aSuriye _xTarih _y20. yüzyıl _2etuturkob _926244 |
|
| 942 |
_2lcc _cBK |
||